[Event "Olympiad Women 2024"]
[Site "Budapest HUN"]
[Date "2024.09.13"]
[Round "3.3"]
[Board "4"]
[White "Ciolacu, Alessia-Mihaela"]
[Black "Khotenashvili, Bella"]
[Result "1-0"]
[WhiteElo "2160"]
[BlackElo "2432"]
[PlyCount "71"]
[EventDate "2024.09.11"]
[WhiteTeam "Romania"]
[BlackTeam "Georgia"]
[WhiteTeamCountry "ROU"]
[BlackTeamCountry "GEO"]

1. d4 Nf6 2. c4 e6 3. Nc3 d5 4. cxd5 exd5 5. Bg5 Bb4 6. e3 h6 7. Bxf6 Qxf6 8. Qb3 Qd6 9. a3 Bxc3+ 10. Qxc3 Bf5 ({RR} 10... O-O 11. Bd3 Nc6 12. Ne2 Bg4 13. Ng3 Rfe8 14. h3 Bd7 15. Rc1 Rac8 16. O-O Ne7 17. Qc5 Qb6 18. b4 g6 19. a4 Qxc5 20. Rxc5 b6 21. Rc3 Bxa4 22. Ra1 b5 23. Bc2 c6 24. Bxa4 bxa4 25. Rxa4 {1-0 Ciolacu,A (2199)-Kurmangaliyeva,L (2236) FIDE World Junior Rapid w 2023 (2.4)}) 11. Rc1 ({RR} 11. Qb4 Qxb4+ 12. axb4 Nd7 13. Ne2 Ke7 14. Nc3 c6 15. b5 a6 16. bxc6 bxc6 17. Be2 Rhb8 18. Ra2 Rb3 19. O-O Rab8 20. Na4 Bd3 21. Bxd3 Rxd3 22. Rc1 Kd6 23. Nc3 Rd2 24. Nd1 Rb6 25. Kf1 c5 {½-½ Harikrishna,P (2704)-Pichot,A (2638) TCh-FRA Top 16 Haute 2023 (2.4)}) 11... c6 12. Nf3 $146 ({RR} 12. Ne2 O-O 13. Ng3 Bg6 14. h4 Nd7 15. h5 Bh7 16. Bd3 Bxd3 17. Qxd3 Qe6 18. Ne2 Rfe8 19. Nf4 Qf6 20. Kf1 a5 21. b3 a4 22. b4 Nb6 23. g3 Nc4 24. Kg2 b5 {½-½ Donner,J-Lombardy,W Olympiad-14 Final A 1960 (7)}) ({RR} 12. Qb3 Nd7 13. Qxb7 O-O 14. Qxc6 Qxc6 15. Rxc6 Rfc8 16. Bb5 Rxc6 17. Bxc6 Rc8 18. Bxd7 Bxd7 19. Ne2 Rc2 20. Nc3 Rc1+ 21. Nd1 Ba4 22. Kd2 Rc2+ 23. Kd3 Rc1 24. Kd2 Rc2+ 25. Kd3 Rc1 {½-½ Dudin,G (2534)-Lupulescu,C (2583) Cristina Foisor Mem Rapid 2024 (7.10)}) ({RR} 12. Qb3 b6 13. Qc3 O-O 14. Ne2 Rc8 15. Ng3 Bg6 16. Bd3 c5 17. Bxg6 Qxg6 18. dxc5 Rxc5 19. Qd2 Rxc1+ 20. Qxc1 Nc6 21. O-O d4 22. exd4 Nxd4 23. Qc7 Qc6 24. Rc1 Qxc7 25. Rxc7 Ne6 26. Rd7 Nc5 {½-½ Grishchenko,S (2440)-Poloch,P (2292) Ceske Budejovice op 2015 (8)}) 12... Nd7 13. Bd3 Bxd3 14. Qxd3 a5 15. O-O O-O 16. Rfe1 Rfe8 17. Nh4 a4 18. Nf5 Qe6 19. Re2 Nf6 20. Ng3 h5 21. Rce1 h4 22. Nf5 h3 23. f3 g6 24. Ng3 hxg2 25. Rxg2 Qh3 26. e4 dxe4 27. fxe4 Rad8 28. Qf3 Nh7 29. Rf1 Rf8 30. Qf4 Kh8 31. Rf3 Qd7 32. Ne2 Qe6 33. Qh6 g5 34. Qh5 Qxe4 35. Rxg5 Qxe2 36. Qxh7+ 1-0

[Event "Olympiad Women 2024"]
[Site "Budapest HUN"]
[Date "2024.09.13"]
[Round "3.4"]
[Board "1"]
[White "Tsolakidou, Stavroula"]
[Black "Kashlinskaya, Alina"]
[Result "1/2-1/2"]
[WhiteElo "2444"]
[BlackElo "2490"]
[PlyCount "117"]
[EventDate "2024.09.11"]
[WhiteTeam "Greece"]
[BlackTeam "Poland"]
[WhiteTeamCountry "GRE"]
[BlackTeamCountry "POL"]

1. c4 e5 2. g3 Nf6 3. Bg2 Bc5 4. Nc3 c6 5. e3 d5 6. cxd5 Nxd5 7. Nxd5 cxd5 8. Ne2 O-O 9. O-O Nc6 10. d4 exd4 11. exd4 Bb6 12. Nf4 ({RR} 12. Be3 Bg4 13. Qd2 Bxe2 14. Qxe2 Nxd4 15. Bxd4 Bxd4 16. Rad1 Qf6 {½-½ Maatman,N (2380)-Vrolijk,L (2536) HSG Open 2024 (4.1)}) 12... Bxd4 13. Qb3 a5 $146 ({RR} 13... Be5 14. Nxd5 Nd4 15. Qd1 Be6 16. Nf4 Bc4 17. Re1 Bxf4 18. Bxf4 Ne2+ 19. Kh1 Nxf4 20. gxf4 Qf6 21. b3 Be6 22. Qd6 Rad8 23. Qe5 Qxe5 24. fxe5 Rd2 25. Kg1 b6 26. Red1 Rfd8 27. Bf3 g5 28. Kf1 {½-½ Ganguly,S (2633)-Jakovenko,D (2698) Wch Rapid Moscow 2019 (5)}) 14. a4 Ra6 15. Nxd5 Be6 16. Qxb7 Qc8 17. Qb5 Bxd5 18. Bxd5 Rb6 19. Qc4 Qd7 20. Be3 Bxe3 21. fxe3 Ne5 22. Qd4 Qd6 23. Rf5 Nd7 24. Rd1 Qg6 25. Rdf1 Rb4 26. Bxf7+ Rxf7 27. Qxd7 Qxf5 28. Qxf5 Rxf5 29. Rxf5 Rxa4 30. Kg2 Rb4 31. Rxa5 Rxb2+ 32. Kh3 Re2 33. Re5 h5 34. e4 Kf7 35. Rf5+ Kg6 36. Re5 Kf6 37. Rxh5 Rxe4 38. Ra5 Re2 39. g4 Rb2 40. Rf5+ Kg6 41. Kg3 Rb3+ 42. Rf3 Rb5 43. h4 Kh6 44. Re3 Rb6 45. Re5 Kg6 46. h5+ Kh6 47. Kh4 Rb4 48. Re6+ Kh7 49. Kg5 Rb5+ 50. Kh4 Rb4 51. Re7 Kh6 52. Re8 Kh7 53. Rf8 Ra4 54. Kg3 g6 55. Rf7+ Kg8 56. hxg6 Ra6 57. Kf4 Rxg6 58. Ra7 Rb6 59. g5 1/2-1/2

[Event "Olympiad Women 2024"]
[Site "Budapest HUN"]
[Date "2024.09.13"]
[Round "3.4"]
[Board "2"]
[White "Socko, Monika"]
[Black "Avramidou, Anastasia"]
[Result "1/2-1/2"]
[WhiteElo "2422"]
[BlackElo "2290"]
[PlyCount "161"]
[EventDate "2024.09.11"]
[WhiteTeam "Poland"]
[BlackTeam "Greece"]
[WhiteTeamCountry "POL"]
[BlackTeamCountry "GRE"]

1. d4 Nf6 2. c4 e6 3. Nc3 Bb4 4. Bd2 O-O 5. Nf3 d5 6. e3 c5 7. a3 cxd4 8. exd4 Bxc3 9. Bxc3 Ne4 10. Rc1 Nc6 11. Bd3 Nxc3 12. Rxc3 dxc4 13. Bxc4 Ne7 14. O-O Nd5 15. Bxd5 Qxd5 16. Re1 $146 ({RR} 16. Rc5 Qd6 17. Qc2 h6 18. Rc1 Bd7 19. Ne5 Rad8 20. Qe4 b6 21. Rc7 Rc8 22. Qb7 Rxc7 23. Qxc7 Qxc7 24. Rxc7 Rc8 25. Rc3 Rd8 26. h3 Be8 27. Rc7 a5 28. Nf3 a4 29. Kf1 Rd5 30. Ke1 Rb5 {0-1 Pavlidou,E (2172)-Arabidze,M (2441) EU-chT (Women) 23rd 2021 (8.3)}) 16... Bd7 17. Re5 Qd6 18. Ng5 f6 19. Ne4 Qe7 20. Rh5 Be8 21. Rhh3 Bg6 22. Rhe3 Rfd8 23. Nc5 e5 24. d5 Qd6 25. f3 Qxd5 26. Qxd5+ Rxd5 27. Nxb7 Rb8 28. Rb3 Bf7 29. Rb4 Rd4 30. Rc3 Rxb4 31. axb4 Rxb7 32. Rc8+ Be8 33. Rxe8+ Kf7 34. Rc8 Rxb4 35. Rc7+ Kg6 36. Rxa7 Rxb2 37. h4 Rb4 38. h5+ Kh6 39. Kf2 e4 40. g4 Rb2+ 41. Ke3 exf3 42. Kxf3 Rb1 43. Kf4 Rf1+ 44. Kg3 Rg1+ 45. Kf4 g6 46. hxg6 hxg6 47. Ra6 Rf1+ 48. Kg3 Kg5 49. Ra5+ Kh6 50. Ra6 g5 51. Ra7 Kg6 52. Rb7 Rc1 53. Kf3 Rc3+ 54. Kf2 Rc6 55. Kf3 Rc3+ 56. Kf2 Rc8 57. Kf3 Rh8 58. Ra7 Rh3+ 59. Kg2 Rh7 60. Ra6 Re7 61. Kf3 Kf7 62. Rb6 Rc7 63. Ra6 Ke7 64. Rb6 Rc3+ 65. Kf2 Rd3 66. Ra6 Rd6 67. Ra3 Rd4 68. Kf3 Ke6 69. Re3+ Kd5 70. Ra3 Rc4 71. Rd3+ Rd4 72. Ra3 Rf4+ 73. Kg3 Rc4 74. Re3 Rc6 75. Kf3 Kd4 76. Re4+ Kd3 77. Re3+ Kd2 78. Re2+ Kd1 79. Re8 Rc3+ 80. Kf2 Rc4 81. Rd8+ 1/2-1/2

[Event "Olympiad Women 2024"]
[Site "Budapest HUN"]
[Date "2024.09.13"]
[Round "3.4"]
[Board "3"]
[White "Pavlidou, Ekaterini"]
[Black "Maltsevskaya, Aleksandra"]
[Result "1-0"]
[WhiteElo "2141"]
[BlackElo "2404"]
[PlyCount "105"]
[EventDate "2024.09.11"]
[WhiteTeam "Greece"]
[BlackTeam "Poland"]
[WhiteTeamCountry "GRE"]
[BlackTeamCountry "POL"]

1. d4 d5 2. c4 e6 3. Nc3 Nf6 4. cxd5 exd5 5. Bg5 Be7 6. e3 h6 7. Bh4 Bg4 8. Qc2 O-O 9. h3 Be6 10. Nf3 ({RR} 10. Bd3 Ne8 11. Bxe7 Qxe7 12. Nge2 Nd6 13. Nf4 c6 14. O-O Nd7 15. Rae1 Rae8 16. f3 Qh4 17. Qf2 Qxf2+ 18. Kxf2 g5 19. Nfe2 f5 20. h4 Kg7 21. Rh1 Nf6 22. hxg5 hxg5 23. Ng3 Nfe4+ 24. Bxe4 fxe4 {0-1 Vidit,S (2716)-Carlsen,M (2839) chess.com SpeedChess 2023 (1.11)}) 10... c5 ({RR} 10... Ne8 11. Bg3 Bd6 12. Ne5 Nc6 13. Bf4 Qf6 14. Nxc6 bxc6 15. g3 Rb8 16. Bd3 g5 17. Bxd6 cxd6 18. f4 Ng7 19. O-O-O c5 20. f5 cxd4 21. exd4 Bxf5 22. Rhf1 Bxd3 23. Rxf6 Bxc2 24. Kxc2 Ne6 25. Nxd5 {½-½ Gaal,Z (2341)-Antal,G (2559) ch-HUN Blitz 2024 (8.27)}) 11. Rd1 $146 ({RR} 11. dxc5 Nc6 12. Be2 g5 13. Bg3 Ne4 14. Nxe4 dxe4 15. Qxe4 Qa5+ 16. Kf1 Rfd8 17. h4 Bd5 18. Qg4 Qxc5 19. hxg5 Bxf3 20. gxf3 Qxg5 21. Rxh6 Rd2 22. Rb1 Rad8 23. Rh5 Qxg4 24. fxg4 Bf6 25. Rf5 Bg7 {1-0 Jianu,V (2518)-Cnejev,V (2268) ch-ROU 2023 Sebes ROU (7.6)}) 11... Nc6 12. Be2 cxd4 13. Nxd4 Nxd4 14. Rxd4 Rc8 15. Bf3 Bc5 16. Rd2 Bb4 17. O-O Rc4 18. Rd4 Rxd4 19. exd4 Bxc3 20. bxc3 Qe7 21. Re1 Rd8 22. Re3 b5 23. Qe2 a6 24. Qe1 Rd6 25. Qc1 Qd8 26. Re5 Rc6 27. Bxf6 Qxf6 28. Bxd5 Bxd5 29. Rxd5 Re6 30. Kf1 Qg6 31. Rd8+ Kh7 32. d5 Re5 33. Qd1 Rg5 34. g3 Rf5 35. Qc2 h5 36. Kg1 Qg5 37. Qe4 g6 38. Qe8 Qc1+ 39. Kg2 Qxc3 40. Qg8+ Kh6 41. Qf8+ Qg7 42. Qe7 Re5 43. d6 Re6 44. Qc7 Qd4 45. Qxf7 Rf6 46. Rh8+ Kg5 47. f4+ Kf5 48. Qd7+ Ke4 49. Qe7+ Kd3 50. d7 Rc6 51. d8=Q Rc2+ 52. Kf1 Rc1+ 53. Qe1 1-0

[Event "Olympiad Women 2024"]
[Site "Budapest HUN"]
[Date "2024.09.13"]
[Round "3.4"]
[Board "4"]
[White "Kiolbasa, Oliwia"]
[Black "Makropoulou, Marina"]
[Result "1-0"]
[WhiteElo "2348"]
[BlackElo "2103"]
[PlyCount "95"]
[EventDate "2024.09.11"]
[WhiteTeam "Poland"]
[BlackTeam "Greece"]
[WhiteTeamCountry "POL"]
[BlackTeamCountry "GRE"]

1. d4 {Anand,Viswanathan} Nf6 2. c4 e6 3. Nc3 Bb4 4. e3 O-O 5. Bd3 d5 6. a3 Bxc3+ 7. bxc3 dxc4 8. Bxc4 c5 9. Nf3 Qc7 10. Be2 b6 11. Bb2 Bb7 12. O-O Rd8 ({RR} 12... Nbd7 13. c4 Rac8 ({RR} 13... Ng4 14. d5 exd5 15. cxd5 Ngf6 16. d6) 14. Rc1 Rfd8 15. Qb3 Ng4 16. g3 ({RR} 16. d5 exd5 17. cxd5 Ndf6) 16... Ngf6 17. Rfd1 Ne4 18. Ne1 Nd6 ({RR} 18... Ndf6 19. f3 Nxg3 20. hxg3 Qxg3+ 21. Kf1 Nh5) 19. d5 exd5 20. cxd5 c4 21. Qc2 b5 22. Ng2 ({RR} 22. e4 Re8 23. f3 f5 24. exf5 Nxf5 ({RR} 24... Nb6)) 22... Nc5 23. Nf4 Qe7 24. Bg4 Rc7 25. Qc3 ({RR} 25. Re1 Nde4 ({RR} 25... Bc8 26. Bxc8 Rcxc8 27. e4) 26. f3 Nf6) 25... f5 ({RR} 25... f6 26. Be6+ Kh8 27. Qc2 Bc8 28. Bc3) 26. Bf3 Rcd7 ({RR} 26... Nde4 27. Qb4 a6 28. h4) 27. Qb4 {0-1 Carlsen,M (2837)-Anand,V (2782) Wch Rapid Riadh 2017 (9)} {RR} Na6 28. Qa5 Nc5) 13. Re1 Nc6 14. Rc1 Rac8 15. h3 $146 ({RR} 15. Bd3 e5 16. e4 Ne8 17. d5 Ne7 18. c4 f6 19. g3 Nd6 20. Nxe5 fxe5 21. Bxe5 Ng6 22. Bb2 b5 23. cxb5 c4 24. e5 Qb6 25. Bxg6 c3 26. Rxc3 Rxc3 27. exd6 hxg6 28. Bxc3 Qxb5 29. Qd4 Rd7 {1-0 So,W (2760)-Deac,B (2700) Superbet Blitz 2023 (9.5)}) ({RR} 15. c4 Ne7 16. Qb3 cxd4 17. exd4 Qf4 18. Rcd1 Ng6 19. Bc1 Qc7 20. Bg5 Rd7 21. h3 Ne4 22. Be3 Nd6 23. d5 e5 24. Nd2 f5 25. f3 Qd8 26. Qa4 Ba8 27. Qb4 Rdc7 28. a4 Ne7 29. a5 b5 {½-½ Soriano Quispe,I (2271)-Perez Gormaz,M (2388) 10th Floripa Open 2024 (5.5)}) 15... h6 16. Bf1 Na5 17. c4 Qe7 18. Ne5 Nc6 19. Ng4 Nxg4 20. Qxg4 Qg5 21. dxc5 Qxg4 22. hxg4 bxc5 23. Bc3 e5 24. Red1 f6 25. Bd3 Ba6 26. Bf5 Rxd1+ 27. Rxd1 Rd8 28. Rd5 Rxd5 29. cxd5 Nd8 30. Ba5 Nb7 31. Bc7 g6 32. Bxg6 Kf8 33. d6 c4 34. Kf1 Nc5 35. Ke1 Bb5 36. Kd2 Bd7 37. f3 Be6 38. Bd8 Kg7 39. Bf5 Kf7 40. Kc3 Na4+ 41. Kb4 Bxf5 42. gxf5 c3 43. Kb3 h5 44. Ba5 c2 45. Kxc2 Ke8 46. Kb3 Nc5+ 47. Kc4 Na4 48. Kb5 1-0

[Event "Olympiad Women 2024"]
[Site "Budapest HUN"]
[Date "2024.09.13"]
[Round "3.5"]
[Board "1"]
[White "Zhu, Jiner"]
[Black "Brunello, Marina"]
[Result "1-0"]
[WhiteElo "2487"]
[BlackElo "2348"]
[PlyCount "97"]
[EventDate "2024.09.11"]
[WhiteTeam "China"]
[BlackTeam "Italy"]
[WhiteTeamCountry "CHN"]
[BlackTeamCountry "ITA"]

1. e4 c6 2. d4 d5 3. e5 Bf5 4. Nf3 e6 5. Be2 Nd7 6. O-O a5 7. Ne1 Ne7 8. c3 c5 9. Na3 Nc6 10. Nb5 a4 $146 ({RR} 10... Be7 11. Bd3 Bxd3 12. Nxd3 a4 13. Qg4 Kf8 14. Be3 cxd4 15. cxd4 Ra5 16. Nc3 h5 17. Qd1 a3 18. b3 g6 19. Ne2 Kg7 20. Rc1 Qb6 21. Rc2 Raa8 22. h3 Rac8 23. Qd2 Nb4 24. Rxc8 Rxc8 25. Rc1 {0-1 Dominguez Perez,L (2752)-Fedoseev,V (2690) Titled Tue 23rd Jan Early 2024 (9)}) 11. Be3 c4 12. Na3 b5 13. g4 Be4 14. f3 Bg6 15. f4 Be4 16. Bf3 Bxf3 17. Qxf3 Bxa3 18. bxa3 Qe7 19. Nc2 h5 20. Rab1 Na7 21. f5 g6 22. fxg6 fxg6 23. g5 Rf8 24. Qg2 O-O-O 25. Rf6 Nxf6 26. gxf6 Qh7 27. h4 Kb7 28. Rf1 Nc6 29. Ne1 Rd7 30. Nf3 Nd8 31. Ng5 Qg8 32. Qb2 Ka6 33. Qb4 Re8 34. Qc5 Rb7 35. Kh2 Nf7 36. Nh3 Rc8 37. Qb4 Re8 38. Rg1 Nh8 39. Qb1 Qf7 40. Bh6 Rg8 41. Ng5 Qe8 42. Bg7 Rc7 43. Bxh8 Rxh8 44. Nh3 Rg8 45. Nf4 Rf7 46. Rxg6 Rxg6 47. Qxg6 Qf8 48. Nxe6 Qxa3 49. Qxf7 1-0

[Event "Olympiad Women 2024"]
[Site "Budapest HUN"]
[Date "2024.09.13"]
[Round "3.5"]
[Board "2"]
[White "Zimina, Olga"]
[Black "Song, Yuxin"]
[Result "1/2-1/2"]
[WhiteElo "2302"]
[BlackElo "2373"]
[PlyCount "67"]
[EventDate "2024.09.11"]
[WhiteTeam "Italy"]
[BlackTeam "China"]
[WhiteTeamCountry "ITA"]
[BlackTeamCountry "CHN"]

1. d4 Nf6 2. Nf3 e6 3. g3 b5 4. e3 a6 5. a4 b4 6. Bg2 Bb7 7. O-O c5 8. c4 bxc3 9. bxc3 Be7 10. Ba3 Qc7 11. Nbd2 d6 12. Rb1 Nbd7 13. Re1 Bc6 $146 ({RR} 13... d5 14. c4 O-O 15. Qc2 Rab8 16. Rec1 dxc4 17. Qxc4 Bd5 18. Qxa6 Rxb1 19. Rxb1 Ra8 20. Qb5 Ra5 21. Qb2 Rxa4 22. Bxc5 Nxc5 23. Qb8+ Qxb8 24. Rxb8+ Bf8 25. dxc5 Ra1+ 26. Nf1 Ra8 27. Rxa8 Bxa8 28. Ne5 {½-½ Finek,V (2393)-Svanda,O (2363) Ceske Budejovice IM 2022 (1)}) 14. e4 Qa5 15. Nc4 Qxa4 16. Qxa4 Bxa4 17. e5 dxe5 18. Nfxe5 Rc8 19. Nxd7 Nxd7 20. d5 Bb5 21. dxe6 fxe6 22. Nd2 e5 23. c4 Bc6 24. Bxc6 Rxc6 25. Rb7 Bd8 26. Ne4 Rc7 27. Reb1 O-O 28. Rxc7 Bxc7 29. Rb7 Rc8 30. Nxc5 Nxc5 31. Bxc5 Ba5 32. Bd6 Bc3 33. c5 Bd4 34. Ra7 1/2-1/2

[Event "Olympiad Women 2024"]
[Site "Budapest HUN"]
[Date "2024.09.13"]
[Round "3.5"]
[Board "3"]
[White "Guo, Qi"]
[Black "Gueci, Tea"]
[Result "1-0"]
[WhiteElo "2367"]
[BlackElo "2199"]
[PlyCount "67"]
[EventDate "2024.09.11"]
[WhiteTeam "China"]
[BlackTeam "Italy"]
[WhiteTeamCountry "CHN"]
[BlackTeamCountry "ITA"]

1. d4 d5 2. c4 e6 3. Nc3 h6 4. Nf3 Nf6 5. g3 Nc6 6. Ne5 $146 ({RR} 6. Bg2 dxc4 7. O-O Bd7 8. e4 Bb4 9. Qe2 O-O 10. Rd1 a6 11. Ne5 b5 12. Be3 Qe7 13. Nxd7 Qxd7 14. d5 exd5 15. exd5 Ne5 16. Bd4 Bxc3 17. Bxc3 Neg4 18. Bh3 Rae8 19. Qf3 Ne5 20. Bxe5 Qxh3 {0-1 Javakhishvili,L (2473)-Khademalsharieh,S (2494) EU-Cup Online Gr-E (Women) rapid 2020 (2.4)}) ({RR} 6. Bg2 Bd6 7. O-O O-O 8. b3 b6 9. Nb5 Ba6 10. Nxd6 cxd6 11. cxd5 exd5 12. Ba3 Qd7 13. Rc1 Rac8 14. Re1 Ne7 15. Nd2 Rxc1 16. Qxc1 Rc8 17. Qb1 Bb7 18. Rc1 Rxc1+ 19. Qxc1 Ba6 20. e3 Bb5 {½-½ Aronian,L (2781)-Carlsen,M (2862) Skilling op Prelim rapid 2020 (6)}) ({RR} 6. cxd5 exd5 7. Bg2 Bb4 8. O-O O-O 9. Nb1 Re8 10. Bf4 Bd6 11. Nc3 Bxf4 12. gxf4 a6 13. Ne5 Ne7 14. e3 Nf5 15. Qb3 c6 16. a4 a5 17. Rac1 Nh4 18. Bh1 Nd7 19. Nf3 Nf5 20. Rfd1 Nf8 {0-1 Goriatchkin,J (2318)-Figueredo Losada,L (2324) Titled Tue 10th Sep Early 2024 (1)}) ({RR} 6. Bg2 Bd6 7. O-O O-O 8. b3 Re8 9. Nb5 b6 10. Nxd6 cxd6 11. Bb2 Ba6 12. Rc1 Rc8 13. Re1 dxc4 14. Nd2 d5 15. bxc4 dxc4 16. Qa4 Na5 17. Bc3 Nd5 18. Bxa5 bxa5 19. Ne4 Bb7 20. Rxc4 Nb6 {½-½ Vetoshko,V (2523)-Druska,J (2506) SVK-chT 2122 2021 (2.4)}) 6... Nxe5 7. dxe5 Nd7 8. cxd5 Nxe5 9. Qa4+ Nd7 10. dxe6 fxe6 11. Bh3 Qf6 12. Qc4 Nb6 13. Qxc7 Bb4 14. O-O O-O 15. Be3 Rf7 16. Qf4 Bxc3 17. bxc3 Qxc3 18. Qh4 Bd7 19. Rad1 Nd5 20. Bd4 Qc7 21. e4 Nf6 22. Bxf6 Rxf6 23. e5 Rf7 24. Rd6 Re8 25. Qd4 Rfe7 26. Qxa7 Kh8 27. Bg2 Bb5 28. Rb1 Ba6 29. Qd4 Rc8 30. Rd1 Bc4 31. Rc1 b5 32. a4 Qa7 33. Qxa7 Rxa7 34. axb5 1-0

[Event "Olympiad Women 2024"]
[Site "Budapest HUN"]
[Date "2024.09.13"]
[Round "3.5"]
[Board "4"]
[White "Sedina, Elena"]
[Black "Lu, Miaoyi"]
[Result "0-1"]
[WhiteElo "2196"]
[BlackElo "2438"]
[PlyCount "72"]
[EventDate "2024.09.11"]
[WhiteTeam "Italy"]
[BlackTeam "China"]
[WhiteTeamCountry "ITA"]
[BlackTeamCountry "CHN"]

1. e4 c5 2. Nf3 Nc6 3. Bb5 Nf6 4. Nc3 d6 5. e5 Nd7 6. exd6 e5 7. Bxc6 bxc6 8. d3 Bxd6 9. Nd2 O-O 10. Nc4 Bc7 11. O-O f5 12. f4 ({RR} 12. b3 Qf6 13. f4 exf4 14. Bb2 Qh6 15. Qf3 Bb7 16. Nb5 cxb5 17. Qxb7 Rac8 18. Nd2 Qb6 19. Qd5+ Rf7 20. Nf3 Qd6 21. Qxd6 Bxd6 22. a4 bxa4 23. Rxa4 Nb6 24. Ra5 Re7 25. Rfa1 Rcc7 26. d4 c4 {0-1 La Barbera,M (2029)-Barski,R (2434) 2nd Paphos Int Open 2024 (2.7)}) 12... Ba6 13. b3 Nf6 $146 ({RR} 13... Qf6 14. Bb2 Qh6 15. Qf3 exf4 16. Rae1 Bxc4 17. dxc4 Ne5 18. Qxf4 Qxf4 19. Rxf4 Nd3 20. cxd3 Bxf4 21. Na4 Rfe8 22. Rf1 Be3+ 23. Kh1 Rad8 {0-1 Grigoriants,S (2562)-Hakobyan,A (2617) Titled Tue 19th Sep Late 2023 (11)}) 14. Ne2 Bxc4 15. bxc4 Re8 16. Rb1 exf4 17. Bxf4 Ng4 18. Qd2 Rxe2 19. Qxe2 Qd4+ 20. Kh1 Bxf4 21. Qe6+ Kh8 22. Qxc6 Rf8 23. g3 Bd6 24. Qf3 Qf6 25. Rfe1 Qh6 26. Re2 Qh5 27. Rf1 h6 28. Qg2 Be5 29. Rfe1 f4 30. gxf4 Rxf4 31. Qa8+ Kh7 32. Rg2 Nxh2 33. Rxh2 Rh4 34. Qe4+ Rxe4 35. Rxh5 Rxe1+ 36. Kg2 Kg6 0-1

[Event "Olympiad Women 2024"]
[Site "Budapest HUN"]
[Date "2024.09.13"]
[Round "3.6"]
[Board "1"]
[White "Efroimski, Marsel"]
[Black "Osmak, Yuliia"]
[Result "1/2-1/2"]
[WhiteElo "2408"]
[BlackElo "2471"]
[PlyCount "199"]
[EventDate "2024.09.11"]
[WhiteTeam "Israel"]
[BlackTeam "Ukraine"]
[WhiteTeamCountry "ISR"]
[BlackTeamCountry "UKR"]

1. e4 c5 2. c3 d5 3. exd5 Qxd5 4. d4 Nf6 5. Nf3 e6 6. Na3 a6 7. Nc4 Nbd7 8. Be2 b5 9. Ne3 Qc6 10. a4 Bb7 11. axb5 axb5 12. Rxa8+ Bxa8 13. dxc5 Bxc5 14. Nd4 Bxd4 15. Qxd4 O-O 16. O-O Rb8 $146 ({RR} 16... h6 17. b3 Rc8 18. Bb2 Nc5 19. Qb4 Nd5 20. Nxd5 Qxd5 21. Bf3 Qxb3 22. Bxa8 Rxa8 23. Qxc5 Qxb2 24. g3 Rd8 25. c4 bxc4 26. Qxc4 g6 27. Qh4 Qd4 28. Qxh6 Rd5 29. Rc1 Rd8 30. h4 Qd2 31. Qxd2 {½-½ Adewumi,T (2315)-Lazavik,D (2578) Titled Tue 27th Aug Early 2024 (10)}) ({RR} 16... Rc8 17. Rd1 h6 18. Qb4 Rb8 19. Rd6 Qc7 20. Rd4 Ne5 21. Rh4 Nc6 22. Qc5 Qa5 23. Ng4 Nxg4 24. Rxg4 Qa1 25. Qe3 Kh8 26. h3 Ne7 27. Qf4 Rf8 28. Kh2 Nd5 29. Qd4 e5 30. Qxe5 f6 31. Qd6 {1-0 Adewumi,T (2302)-Gabdrakhmanov,A (2319) Titled Tuesday intern op 09th Aug Early blitz 2022 (6)}) 17. Rd1 h6 18. Qa7 Qc8 19. Nc2 Bd5 20. Nb4 Bc4 21. Bf3 Ne5 22. Bc6 Kh7 23. Qc5 Bd5 24. Bf4 Ne4 25. Qe3 Nxc6 26. Nxd5 exd5 27. Bxb8 Nxb8 28. Rxd5 Nf6 29. Qd3+ g6 30. Rxb5 Nbd7 31. h3 Qa6 32. c4 Qe6 33. Qd4 Qe1+ 34. Kh2 Qe6 35. b4 g5 36. f3 Kg7 37. Ra5 Qe1 38. c5 Ne5 39. Ra3 Nc6 40. Qc3 Qxc3 41. Rxc3 Nd5 42. Rd3 Ncxb4 43. Rd4 Kf6 44. c6 Ke7 45. c7 Kd7 46. Rc4 Kc8 47. h4 f6 48. Re4 Kxc7 49. Re8 gxh4 50. Rh8 Kd6 51. Rxh6 Ke6 52. Rxh4 Nc6 53. Re4+ Ne5 54. Ra4 Ne3 55. Ra6+ Kf5 56. g4+ N3xg4+ 57. fxg4+ Nxg4+ 58. Kg3 Ne5 59. Kh4 Kg6 60. Rb6 Nc4 61. Rb1 Ne5 62. Rf1 Nc4 63. Rg1+ Kf5 64. Kh5 Ne5 65. Rf1+ Ke6 66. Kh6 Kf7 67. Kh7 Nc6 68. Rf4 Ne7 69. Kh6 Ng8+ 70. Kh5 Ne7 71. Ra4 Nc6 72. Ra6 Ne7 73. Kh6 Ng8+ 74. Kh7 Ne7 75. Rb6 Nf5 76. Rb7+ Ne7 77. Kh6 Kf8 78. Kh5 Kf7 79. Kg4 Ke6 80. Kf4 Nd5+ 81. Ke4 Ne7 82. Kd4 Nc6+ 83. Ke4 Ne7 84. Rb6+ Kf7 85. Kd4 Nf5+ 86. Kd5 Ne7+ 87. Kc5 Nf5 88. Ra6 Ne7 89. Kd6 Nf5+ 90. Kd7 Ne7 91. Rb6 Nf5 92. Rb7 Ng7 93. Kc6+ Kg6 94. Kd5 Nf5 95. Ra7 Ng7 96. Ke4 Ne6 97. Re7 Ng7 98. Kf4 Nh5+ 99. Kg4 Ng7 100. Ra7 1/2-1/2

[Event "Olympiad Women 2024"]
[Site "Budapest HUN"]
[Date "2024.09.13"]
[Round "3.6"]
[Board "2"]
[White "Ushenina, Anna"]
[Black "Klinova, Masha"]
[Result "1-0"]
[WhiteElo "2417"]
[BlackElo "2227"]
[PlyCount "151"]
[EventDate "2024.09.11"]
[WhiteTeam "Ukraine"]
[BlackTeam "Israel"]
[WhiteTeamCountry "UKR"]
[BlackTeamCountry "ISR"]

1. d4 d6 2. Nf3 g6 3. c4 Bg7 4. Nc3 Nc6 5. d5 Ne5 6. Nxe5 Bxe5 7. e4 Bg7 8. Be3 ({RR} 8. Bd3 e6 9. O-O Ne7 10. h4 O-O 11. h5 c5 12. h6 Bh8 13. Bg5 f6 14. Be3 f5 15. Bg5 Bf6 16. Qd2 e5 17. Bxf6 Rxf6 18. Qg5 Qf8 19. f4 exf4 20. Rxf4 Bd7 21. Raf1 Re8 22. g4 Kh8 {0-1 Paravyan,D (2610)-Nakamura,H (2794) Bullet Chess Winners 2024 (2.14)}) 8... e5 9. dxe6 $146 ({RR} 9. c5 Ne7 10. Bb5+ Bd7 11. Qb3 O-O 12. O-O h6 13. Rac1 f5 14. Bxd7 Qxd7 15. c6 Qd8 16. cxb7 Rb8 17. Bxa7 Kh7 18. a4 f4 19. f3 g5 20. a5 c5 21. a6 Qd7 22. Qb5 {1-0 Ivanov,M-Nikitenko,S (1895) RUS-ch Silent 2010 (5)}) ({RR} 9. Bd3 Ne7 10. Qd2 h6 11. O-O-O f5 12. f4 fxe4 13. Bxe4 exf4 14. Bxf4 Bf5 15. Bxf5 Nxf5 16. Rde1+ Kd7 17. g4 Nd4 18. Qd3 Qf6 19. Rhf1 Rae8 20. Ne4 Qh4 21. Bg3 Qd8 22. Rf7+ Re7 23. Rxg7 Rxg7 {1-0 Skrbin,K (2202)-Prlac,V Velika Gorica op 4th 2004 (6)}) 9... Bxe6 10. Qd2 Nf6 11. Be2 O-O 12. O-O Re8 13. f3 a6 14. Rad1 Rb8 15. b3 Nd7 16. Rf2 Ne5 17. Bf1 f5 18. exf5 gxf5 19. Ne2 Bf7 20. Bg5 Bf6 21. Bxf6 Qxf6 22. Nf4 Kh8 23. Qd4 Rbd8 24. Kh1 Qg7 25. g3 c5 26. Qc3 Nc6 27. Qxg7+ Kxg7 28. Rfd2 Nd4 29. Ne2 Nxf3 30. Rxd6 Rxd6 31. Rxd6 Re7 32. Kg2 Ng5 33. Nf4 Ne4 34. Rd8 Be8 35. Bd3 Bc6 36. Nd5 Re5 37. Bxe4 Rxe4 38. Kf2 Rd4 39. Ke3 b5 40. Rd6 Bxd5 41. cxd5 a5 42. Ra6 Rxd5 43. Rxa5 b4 44. Kf4 Kg6 45. Ra6+ Kg7 46. Rc6 Rd2 47. Rxc5 Rxa2 48. Kxf5 Rf2+ 49. Kg5 h6+ 50. Kg4 Rb2 51. Rc7+ Kg6 52. Rc6+ Kg7 53. Rb6 Rxb3 54. Kh5 Rc3 55. Rb7+ Kf8 56. Kxh6 Rc2 57. Rxb4 Rxh2+ 58. Kg6 Ra2 59. Rb8+ Ke7 60. g4 Ra6+ 61. Kg7 Ra5 62. Rb7+ Ke8 63. Rb8+ Ke7 64. Rb4 Re5 65. Rb7+ Ke8 66. Kf6 Ra5 67. Rb8+ Kd7 68. g5 Ra6+ 69. Kf7 Ra1 70. g6 Rf1+ 71. Kg8 Ke7 72. g7 Rh1 73. Rb4 Ra1 74. Rf4 Rb1 75. Rh4 Kf6 76. Kh8 1-0